[Event "Aberto Brasil - II Niterói Chess Open "]
[Site "Salão de Convenções do Hot"]
[Date "2022.09.01"]
[Round "1.1"]
[White "Bastos, Gabriel Andrade"]
[Black "Delgado Ramirez, Neuris"]
[Result "0-1"]
[WhiteElo "1857"]
[BlackElo "2559"]
[PlyCount "58"]
[EventDate "2022.09.01"]
[EventRounds "9"]
[EventCountry "BRA"]

{[%evp 0,58,19,31,14,-14,-11,0,31,34,48,42,33,20,42,51,52,40,38,32,25,36,28,1,
1,1,11,-21,0,0,0,0,-2,-3,-41,-35,-36,-27,-11,-13,-16,-16,-25,-86,-72,-63,-47,
-136,-136,-161,-141,-149,-135,-136,-124,-203,-206,-189,-192,-506,-507]} 1. d4 {
[%emt 0:00:01]} Nf6 {[%emt 0:12:53]} 2. c4 {[%emt 0:00:06]} e6 {[%emt 0:00:04]}
3. Nf3 {[%emt 0:00:05]} Bb4+ {[%emt 0:00:05]} 4. Bd2 {[%emt 0:00:06]} a5 {
[%emt 0:00:04]} 5. e3 {[%emt 0:00:17]} O-O {[%emt 0:00:14]} 6. Bd3 {[%emt 0:01:
05]} d5 {[%emt 0:00:07]} 7. a3 {[%emt 0:00:40]} Be7 {[%emt 0:00:14]} 8. Qc2 {
[%emt 0:01:23]} c5 {[%emt 0:02:34]} 9. O-O {[%emt 0:04:04]} cxd4 {[%emt 0:00:
15]} 10. exd4 {[%emt 0:02:19]} dxc4 {[%emt 0:00:29]} 11. Qxc4 {[%emt 0:05:07]}
b6 {[%emt 0:01:38]} 12. Nc3 {[%emt 0:08:17]} Nbd7 {[%emt 0:02:16]} 13. Rad1 {
[%emt 0:17:54]} Ba6 {[%emt 0:01:51]} 14. Nb5 {[%emt 0:00:07]} Rc8 {[%emt 0:00:
05]} 15. Qb3 {[%emt 0:01:07]} Bb7 {[%emt 0:00:08]} 16. Bb1 {[%emt 0:09:01]} Bd5
{[%emt 0:02:02]} 17. Qe3 {[%emt 0:10:29]} Bc4 {[%emt 0:04:06]} 18. Bd3 {
[%emt 0:02:45]} Bxd3 {[%emt 0:03:01]} 19. Qxd3 {[%emt 0:00:06]} Nc5 {[%emt 0:
00:20]} 20. Qe2 {[%emt 0:03:32]} Nce4 {[%emt 0:00:12]} 21. Nc3 {[%emt 0:07:48]}
Nxc3 {[%emt 0:01:06]} 22. Bxc3 {[%emt 0:02:23]} Nd5 {[%emt 0:00:51]} 23. Qd3 {
[%emt 0:01:18]} Bxa3 {[%emt 0:02:30]} 24. Ne5 {[%emt 0:02:15]} Bb4 {[%emt 0:01:
54]} 25. Bxb4 {[%emt 0:01:19]} Nxb4 {[%emt 0:00:08]} 26. Qb5 {[%emt 0:00:14]}
Nd5 {[%emt 0:00:24]} 27. Nc6 {[%emt 0:01:52]} Qd7 {[%emt 0:01:40]} 28. Rc1 {
[%emt 0:00:08]} Nb4 {[%emt 0:00:49]} 29. Na7 {[%emt 0:00:14]} Qxa7 {[%emt 0:00:
11]} 0-1

[Event "Aberto Brasil - II Niterói Chess Open "]
[Site "Salão de Convenções do Hot"]
[Date "2022.09.01"]
[Round "1.2"]
[White "Fier, Alexandr"]
[Black "Brito, Vicente De Paulo Al"]
[Result "1-0"]
[WhiteElo "2583"]
[BlackElo "1806"]
[PlyCount "73"]
[EventDate "2022.09.01"]
[EventRounds "9"]
[EventCountry "BRA"]

{[%evp 0,73,19,9,50,30,32,8,5,-39,-36,-38,-33,-26,-25,-17,6,6,8,-6,2,-17,3,-10,
-10,-5,28,-18,-3,22,55,39,51,63,242,76,76,92,86,108,116,107,133,105,144,160,
133,167,269,307,309,331,320,299,347,254,270,268,373,371,349,365,360,381,424,
422,441,457,463,424,439,431,427,423,1611,1814]} 1. e4 {[%emt 0:00:03]} e6 {
[%emt 0:00:08]} 2. Nf3 {[%emt 0:00:05]} d5 {[%emt 0:00:10]} 3. e5 {[%emt 0:00:
04]} c5 {[%emt 0:00:27]} 4. b4 {[%emt 0:00:05]} cxb4 {[%emt 0:04:15]} 5. a3 {
[%emt 0:00:05]} Nc6 {[%emt 0:03:43]} 6. axb4 {[%emt 0:00:06]} Qc7 {[%emt 0:02:
31]} 7. d4 {[%emt 0:00:38]} Bxb4+ {[%emt 0:11:07]} 8. c3 {[%emt 0:00:07]} Be7 {
[%emt 0:06:00]} 9. Bd3 {[%emt 0:00:06]} Bd7 {[%emt 0:09:36]} 10. O-O {[%emt 0:
00:12]} Rc8 {[%emt 0:18:07]} 11. Re1 {[%emt 0:01:27]} a6 {[%emt 0:03:34]} 12.
Ng5 {[%emt 0:00:31]} Nh6 {[%emt 0:10:16]} 13. Bf4 {[%emt 0:02:16]} Bxg5 {
[%emt 0:12:06]} 14. Bxg5 {[%emt 0:00:05]} Ng8 {[%emt 0:04:49]} 15. Qg4 {
[%emt 0:00:20]} h5 {[%emt 0:03:03]} 16. Qg3 {[%emt 0:00:29]} f5 {[%emt 0:00:37]
} 17. Bf4 {[%emt 0:02:06]} Kf8 {[%emt 0:01:35]} 18. Bxf5 {[%emt 0:00:28]} Nh6 {
[%emt 0:02:46]} 19. Bd3 {[%emt 0:00:10]} Ne7 {[%emt 0:01:08]} 20. Qh3 {[%emt 0:
02:21]} Nf7 {[%emt 0:02:27]} 21. Bc1 {[%emt 0:00:52]} g5 {[%emt 0:00:41]} 22.
Ba3 {[%emt 0:00:05]} Ke8 {[%emt 0:01:17]} 23. f4 {[%emt 0:00:46]} Bb5 {[%emt 0:
00:57]} 24. Bxb5+ {[%emt 0:00:44]} axb5 25. Qxe6 {[%emt 0:00:09]} Rh6 {[%emt 0:
00:49]} 26. Qh3 {[%emt 0:01:22]} g4 {[%emt 0:00:25]} 27. Qh4 {[%emt 0:00:20]}
Nf5 {[%emt 0:00:07]} 28. Qf2 {[%emt 0:00:10]} h4 {[%emt 0:00:43]} 29. Qe2 {
[%emt 0:00:05]} Re6 {[%emt 0:01:01]} 30. Qxg4 {[%emt 0:01:03]} N7h6 {[%emt 0:
00:02]} 31. Qf3 {[%emt 0:00:08]} Qc4 {[%emt 0:00:39]} 32. Bb4 {[%emt 0:00:28]}
Kd7 {[%emt 0:00:49]} 33. Nd2 {[%emt 0:00:12]} Qc6 {[%emt 0:00:06]} 34. Nb3 {
[%emt 0:00:09]} b6 {[%emt 0:00:16]} 35. Ra6 {[%emt 0:00:07]} Qc4 {[%emt 0:00:
30]} 36. Nd2 {[%emt 0:00:24]} Qc7 {[%emt 0:00:09]} 37. Qxd5+ {[%emt 0:00:12]}
1-0

[Event "Aberto Brasil - II Niterói Chess Open "]
[Site "Salão de Convenções do Hot"]
[Date "2022.09.01"]
[Round "1.3"]
[White "Cardoso, Marcio De Lucca"]
[Black "Mekhitarian, Krikor Sevag"]
[Result "0-1"]
[WhiteElo "1802"]
[BlackElo "2535"]
[PlyCount "50"]
[EventDate "2022.09.01"]
[EventRounds "9"]
[EventCountry "BRA"]

{[%evp 0,50,16,32,66,67,74,76,76,48,28,23,58,43,59,-14,50,31,22,25,19,19,19,-9,
-13,0,-6,-17,-29,-26,-23,-79,-91,-138,-132,-286,-222,-210,-117,-200,-229,-277,
-256,-226,-307,-321,-321,-329,-333,-329,-332,-29979,-543]} 1. e4 {[%emt 0:00:
04]} c5 {[%emt 0:10:11]} 2. Nf3 {[%emt 0:00:21]} d6 {[%emt 0:00:26]} 3. d4 {
[%emt 0:00:28]} cxd4 {[%emt 0:00:02]} 4. Nxd4 {[%emt 0:00:11]} Nf6 {[%emt 0:00:
02]} 5. Nc3 {[%emt 0:00:38]} a6 {[%emt 0:00:33]} 6. Bg5 {[%emt 0:01:07]} Nbd7 {
[%emt 0:00:07]} 7. f4 {[%emt 0:00:43]} Qa5 {[%emt 0:02:45]} 8. Qf3 {[%emt 0:07:
14]} h6 {[%emt 0:00:05]} 9. Bh4 {[%emt 0:01:05]} e5 {[%emt 0:05:43]} 10. Nb3 {
[%emt 0:03:55]} Qc7 {[%emt 0:00:11]} 11. f5 {[%emt 0:04:32]} Be7 {[%emt 0:01:
59]} 12. a4 {[%emt 0:19:13]} b6 {[%emt 0:01:51]} 13. O-O-O {[%emt 0:11:14]} Bb7
{[%emt 0:01:10]} 14. Kb1 {[%emt 0:01:06]} O-O {[%emt 0:10:51]} 15. Nd2 {
[%emt 0:10:04]} b5 {[%emt 0:03:57]} 16. Bf2 {[%emt 0:17:40]} Rfc8 {[%emt 0:06:
24]} 17. axb5 {[%emt 0:05:53]} axb5 {[%emt 0:00:27]} 18. Bxb5 {[%emt 0:00:23]}
Nc5 {[%emt 0:05:21]} 19. Bxc5 {[%emt 0:05:48]} Qxc5 {[%emt 0:00:15]} 20. Nb3 {
[%emt 0:02:49]} Qa7 {[%emt 0:00:24]} 21. Rhe1 {[%emt 0:02:35]} Rxc3 {[%emt 0:
15:56]} 22. bxc3 {[%emt 0:02:34]} d5 {[%emt 0:01:20]} 23. exd5 {[%emt 0:00:53]}
Nxd5 {[%emt 0:00:26]} 24. Rxd5 {[%emt 0:00:49]} Bg5 {[%emt 0:02:01]} 25. Na5 {
[%emt 0:01:28]} Bxd5 {[%emt 0:00:10]} 0-1

[Event "Aberto Brasil - II Niterói Chess Open "]
[Site "Salão de Convenções do Hot"]
[Date "2022.09.01"]
[Round "1.4"]
[White "Quintiliano Pinto, Renato R."]
[Black "Moyses Sobrinho, Elias"]
[Result "1-0"]
[WhiteElo "2504"]
[BlackElo "1793"]
[PlyCount "57"]
[EventDate "2022.09.01"]
[EventRounds "9"]
[EventCountry "BRA"]

{[%evp 0,57,32,17,13,0,25,30,39,36,55,46,53,20,59,35,29,15,15,-12,34,35,36,36,
48,44,38,51,49,41,56,23,122,127,245,261,280,284,293,282,314,244,276,266,363,
363,1616,2187,29983,29990,29991,29988,29989,29982,29993,29994,29995,29996,
29997,29996]} 1. d4 {[%emt 0:00:05]} d5 {[%emt 0:35:28]} 2. c4 {[%emt 0:00:37]}
c6 {[%emt 0:00:21]} 3. Nc3 {[%emt 0:01:14]} Nf6 {[%emt 0:00:50]} 4. e3 {
[%emt 0:00:11]} e6 {[%emt 0:00:43]} 5. Nf3 {[%emt 0:01:48]} Nbd7 {[%emt 0:00:
20]} 6. Be2 {[%emt 0:00:29]} dxc4 {[%emt 0:00:15]} 7. a4 {[%emt 0:01:03]} Nb6 {
[%emt 0:00:49]} 8. O-O {[%emt 0:03:06]} a5 {[%emt 0:00:22]} 9. e4 {[%emt 0:01:
42]} Be7 {[%emt 0:01:12]} 10. Be3 {[%emt 0:07:21]} Ng4 {[%emt 0:00:53]} 11. Bf4
{[%emt 0:00:16]} Nf6 {[%emt 0:01:46]} 12. Qc2 {[%emt 0:01:29]} O-O {[%emt 0:00:
31]} 13. Rad1 {[%emt 0:01:57]} Nfd7 {[%emt 0:04:39]} 14. Rfe1 {[%emt 0:07:51]}
f5 {[%emt 0:01:35]} 15. exf5 {[%emt 0:03:39]} exf5 {[%emt 0:01:29]} 16. d5 {
[%emt 0:01:55]} cxd5 {[%emt 0:01:28]} 17. Nxd5 {[%emt 0:00:17]} Nxd5 {[%emt 0:
02:48]} 18. Rxd5 {[%emt 0:00:08]} c3 {[%emt 0:04:53]} 19. bxc3 {[%emt 0:02:06]}
g5 {[%emt 0:08:03]} 20. Be5 {[%emt 0:13:56]} Bf6 {[%emt 0:02:14]} 21. Bc4 {
[%emt 0:03:24]} Kg7 {[%emt 0:01:33]} 22. Nxg5 {[%emt 0:01:00]} Qb6 {[%emt 0:04:
34]} 23. Qxf5 {[%emt 0:01:39]} Rh8 {[%emt 0:04:29]} 24. Rxd7+ {[%emt 0:01:39]}
Bxd7 {[%emt 0:00:16]} 25. Qxd7+ {[%emt 0:00:09]} Kg6 {[%emt 0:00:35]} 26. Qf7+
{[%emt 0:00:18]} Kxg5 {[%emt 0:00:14]} 27. Bxf6+ {[%emt 0:00:10]} Qxf6 {
[%emt 0:00:17]} 28. h4+ {[%emt 0:00:07]} Kf5 {[%emt 0:00:17]} 29. Bd3+ {
[%emt 0:00:25]} 1-0

[Event "Aberto Brasil - II Niterói Chess Open "]
[Site "Salão de Convenções do Hot"]
[Date "2022.09.01"]
[Round "1.6"]
[White "Barbosa, Evandro Amorim"]
[Black "Carneiro, Luis Guilherme Rosa"]
[Result "1-0"]
[WhiteElo "2481"]
[BlackElo "1789"]
[PlyCount "59"]
[EventDate "2022.09.01"]
[EventRounds "9"]
[EventCountry "BRA"]

{[%evp 0,59,41,2,73,50,100,84,83,89,66,66,57,0,19,21,19,21,19,0,12,-21,-1,-39,
-35,-21,-16,-16,44,-4,8,10,-1,24,81,54,108,105,112,123,114,114,121,118,104,128,
121,110,115,100,130,147,166,165,224,248,410,465,935,1380,1242,873]} 1. e4 {
[%emt 0:12:19]} c5 {[%emt 0:00:14]} 2. Nf3 {[%emt 0:00:16]} g6 {[%emt 0:00:12]}
3. d4 {[%emt 0:00:37]} cxd4 {[%emt 0:00:08]} 4. Nxd4 {[%emt 0:00:05]} Nc6 {
[%emt 0:00:25]} 5. Nc3 {[%emt 0:00:50]} Bg7 {[%emt 0:00:30]} 6. Nb3 {[%emt 0:
00:36]} Nf6 {[%emt 0:02:21]} 7. Be2 {[%emt 0:00:15]} O-O {[%emt 0:01:50]} 8.
O-O {[%emt 0:00:07]} d6 {[%emt 0:00:15]} 9. Re1 {[%emt 0:00:34]} Bd7 {[%emt 0:
07:16]} 10. Bf1 {[%emt 0:00:11]} Ne5 {[%emt 0:07:32]} 11. Nd5 {[%emt 0:01:07]}
Nxd5 {[%emt 0:06:14]} 12. exd5 {[%emt 0:00:08]} Rc8 {[%emt 0:00:38]} 13. c3 {
[%emt 0:00:36]} Bf5 {[%emt 0:13:47]} 14. Bg5 {[%emt 0:02:30]} Re8 {[%emt 0:01:
54]} 15. Nd4 {[%emt 0:01:20]} Bd7 {[%emt 0:00:37]} 16. Qb3 {[%emt 0:00:58]} Rc7
{[%emt 0:05:33]} 17. h3 {[%emt 0:02:24]} a6 {[%emt 0:01:44]} 18. f4 {[%emt 0:
01:11]} f6 {[%emt 0:02:16]} 19. Bh4 {[%emt 0:01:14]} Nf7 {[%emt 0:00:07]} 20.
Bf2 {[%emt 0:00:55]} Qc8 {[%emt 0:00:20]} 21. Ne6 {[%emt 0:09:20]} Bxe6 {
[%emt 0:02:46]} 22. dxe6 {[%emt 0:00:08]} Nd8 {[%emt 0:02:05]} 23. Bb6 {
[%emt 0:00:16]} Rc6 {[%emt 0:01:15]} 24. f5 {[%emt 0:03:23]} gxf5 {[%emt 0:02:
10]} 25. Bd3 {[%emt 0:00:15]} d5 {[%emt 0:01:17]} 26. Bxf5 {[%emt 0:01:13]} Kh8
{[%emt 0:01:41]} 27. Bd4 {[%emt 0:02:02]} Rd6 {[%emt 0:03:37]} 28. Qd1 {
[%emt 0:00:14]} Nc6 {[%emt 0:11:01]} 29. Qh5 {[%emt 0:00:13]} h6 {[%emt 0:00:
07]} 30. Be3 {[%emt 0:00:47]} 1-0

[Event "Aberto Brasil - II Niterói Chess Open "]
[Site "Salão de Convenções do Hot"]
[Date "2022.09.01"]
[Round "1.7"]
[White "Marcondes, Igor Dalcol"]
[Black "Di Berardino, Diego Rafael"]
[Result "0-1"]
[WhiteElo "1783"]
[BlackElo "2464"]
[PlyCount "92"]
[EventDate "2022.09.01"]
[EventRounds "9"]
[EventCountry "BRA"]

{[%evp 0,92,25,20,50,48,59,53,53,23,30,37,37,45,57,51,48,25,48,61,40,47,31,38,
34,20,34,7,12,11,17,11,17,13,17,6,13,16,33,13,21,0,8,0,0,-7,-7,-18,-13,-15,-22,
-29,14,-11,-12,-26,8,12,-4,2,20,8,1,0,24,-4,6,-4,3,-8,0,-47,-46,-51,-33,-57,
-39,-38,0,-66,-35,-52,-27,-44,-26,-19,-44,-82,-94,-172,-172,-186,-186,-195,
-191]} 1. e4 {[%emt 0:01:25]} c5 {[%emt 0:03:46]} 2. Nf3 {[%emt 0:00:05]} d6 {
[%emt 0:01:40]} 3. d4 {[%emt 0:00:08]} cxd4 {[%emt 0:00:04]} 4. Nxd4 {[%emt 0:
00:07]} Nf6 {[%emt 0:00:06]} 5. Nc3 {[%emt 0:00:05]} Nc6 {[%emt 0:00:56]} 6.
Bg5 {[%emt 0:00:29]} e6 {[%emt 0:01:45]} 7. Qd2 {[%emt 0:00:19]} Be7 {[%emt 0:
00:24]} 8. f3 {[%emt 0:02:24]} Qb6 {[%emt 0:04:25]} 9. O-O-O {[%emt 0:02:48]}
Qxd4 {[%emt 0:01:58]} 10. Qxd4 {[%emt 0:00:10]} Nxd4 {[%emt 0:00:03]} 11. Rxd4
{[%emt 0:00:11]} a6 {[%emt 0:00:38]} 12. h4 {[%emt 0:13:50]} Bd7 {[%emt 0:05:
32]} 13. Bc4 {[%emt 0:02:39]} b5 {[%emt 0:06:59]} 14. Bb3 {[%emt 0:01:25]} Bc6
{[%emt 0:01:44]} 15. Rdd1 {[%emt 0:09:11]} Nd7 {[%emt 0:14:57]} 16. Bf4 {
[%emt 0:05:46]} Ne5 {[%emt 0:02:31]} 17. Kb1 {[%emt 0:10:49]} h6 {[%emt 0:03:
06]} 18. Ne2 {[%emt 0:13:27]} O-O-O {[%emt 0:06:26]} 19. Nc1 {[%emt 0:02:41]}
Bb7 {[%emt 0:03:38]} 20. Bxe5 {[%emt 0:06:29]} dxe5 {[%emt 0:00:05]} 21. Nd3 {
[%emt 0:00:26]} Bd6 {[%emt 0:00:06]} 22. c4 {[%emt 0:00:37]} Kb8 {[%emt 0:00:
42]} 23. c5 {[%emt 0:02:00]} Bc7 {[%emt 0:01:52]} 24. Nf2 {[%emt 0:02:50]} a5 {
[%emt 0:07:02]} 25. Rxd8+ {[%emt 0:05:29]} Bxd8 {[%emt 0:00:31]} 26. Nd3 {
[%emt 0:03:34]} Bc7 {[%emt 0:00:05]} 27. Rd1 {[%emt 0:00:52]} Ba6 {[%emt 0:00:
28]} 28. Bc2 {[%emt 0:03:03]} b4 {[%emt 0:00:11]} 29. Nf2 {[%emt 0:00:41]} Bb5
{[%emt 0:00:21]} 30. Bd3 {[%emt 0:00:23]} Bc6 {[%emt 0:00:55]} 31. Bc4 {
[%emt 0:00:23]} Rc8 {[%emt 0:01:37]} 32. Ba6 {[%emt 0:00:42]} Rg8 {[%emt 0:00:
39]} 33. g4 {[%emt 0:01:01]} Rf8 {[%emt 0:03:15]} 34. Bc4 {[%emt 0:00:18]} Kb7
{[%emt 0:00:42]} 35. a3 {[%emt 0:00:55]} bxa3 {[%emt 0:00:48]} 36. bxa3 {
[%emt 0:00:12]} Ba4 {[%emt 0:04:19]} 37. Rc1 {[%emt 0:01:42]} Rd8 {[%emt 0:00:
48]} 38. Nd3 {[%emt 0:00:10]} Rd4 {[%emt 0:00:17]} 39. Nb2 {[%emt 0:00:48]} Bd7
{[%emt 0:00:09]} 40. Nd3 {[%emt 0:02:41]} Bc6 {[%emt 0:00:54]} 41. g5 {[%emt 0:
02:15]} f5 {[%emt 0:08:26]} 42. gxf6 {[%emt 0:01:05]} gxf6 {[%emt 0:00:04]} 43.
Rc3 {[%emt 0:00:11]} f5 {[%emt 0:00:28]} 44. Bxe6 {[%emt 0:00:49]} fxe4 {
[%emt 0:00:08]} 45. fxe4 {[%emt 0:00:03]} Bxe4 {[%emt 0:00:53]} 46. Kc2 {
[%emt 0:01:53]} a4 {[%emt 0:07:33]} 0-1

[Event "Aberto Brasil - II Niterói Chess Open "]
[Site "Salão de Convenções do Hot"]
[Date "2022.09.01"]
[Round "1.8"]
[White "Rodriguez Vila, Andres"]
[Black "Cardoso, Lucca Pimenta"]
[Result "1-0"]
[WhiteElo "2452"]
[BlackElo "1780"]
[PlyCount "93"]
[EventDate "2022.09.01"]
[EventRounds "9"]
[EventCountry "BRA"]

{[%evp 0,93,27,19,48,44,44,15,-1,1,-11,-7,-8,-13,3,-8,-1,13,34,18,29,24,30,16,
66,31,32,27,44,-1,22,-11,-22,-43,0,4,31,-4,49,54,46,59,58,-27,-26,-30,-24,-21,
-14,-44,-70,-91,-35,-49,-42,-83,-49,-44,-84,-35,4,-17,0,85,48,0,0,0,99,116,111,
99,104,115,115,113,181,179,216,205,98,129,266,239,250,246,289,299,298,304,994,
1057,29991,29992,29993,29994]} 1. e4 {[%emt 0:00:03]} c5 {[%emt 0:02:08]} 2.
Nf3 {[%emt 0:00:05]} e6 {[%emt 0:00:11]} 3. Qe2 {[%emt 0:00:15]} Nc6 {[%emt 0:
01:16]} 4. g3 {[%emt 0:00:06]} d6 {[%emt 0:01:44]} 5. Bg2 {[%emt 0:00:15]} Nf6
{[%emt 0:00:20]} 6. O-O {[%emt 0:00:09]} Be7 {[%emt 0:02:24]} 7. c3 {[%emt 0:
00:05]} O-O {[%emt 0:05:18]} 8. d4 {[%emt 0:00:06]} Qc7 {[%emt 0:11:02]} 9. e5
{[%emt 0:01:17]} dxe5 {[%emt 0:05:08]} 10. dxe5 {[%emt 0:07:54]} Nd7 {[%emt 0:
00:14]} 11. Bf4 {[%emt 0:00:08]} Rb8 {[%emt 0:02:20]} 12. a4 {[%emt 0:01:09]}
a6 {[%emt 0:01:08]} 13. Na3 {[%emt 0:01:32]} Nb6 {[%emt 0:07:30]} 14. h4 {
[%emt 0:01:51]} Na5 {[%emt 0:04:42]} 15. h5 {[%emt 0:03:16]} Nd5 {[%emt 0:05:
18]} 16. Bg5 {[%emt 0:00:23]} Rd8 {[%emt 0:13:18]} 17. Rfe1 {[%emt 0:02:53]} h6
{[%emt 0:03:35]} 18. Bxe7 {[%emt 0:00:17]} Nxe7 {[%emt 0:01:57]} 19. b4 {
[%emt 0:02:20]} cxb4 {[%emt 0:05:09]} 20. cxb4 {[%emt 0:00:05]} Nb3 {[%emt 0:
02:39]} 21. Rad1 {[%emt 0:04:21]} Bd7 {[%emt 0:05:05]} 22. b5 {[%emt 0:00:23]}
Nd5 {[%emt 0:09:54]} 23. Nh2 {[%emt 0:07:12]} Be8 {[%emt 0:04:10]} 24. Qb2 {
[%emt 0:02:56]} Nc5 {[%emt 0:03:20]} 25. Qc2 {[%emt 0:03:06]} Qe7 {[%emt 0:01:
16]} 26. Rd4 {[%emt 0:01:50]} Rbc8 {[%emt 0:01:28]} 27. Ng4 {[%emt 0:05:41]}
Nd7 {[%emt 0:01:01]} 28. Qb2 {[%emt 0:00:25]} Nc5 {[%emt 0:00:19]} 29. Red1 {
[%emt 0:01:17]} Nb6 {[%emt 0:00:46]} 30. Nf6+ {[%emt 0:02:56]} Kf8 {[%emt 0:00:
30]} 31. Rxd8 {[%emt 0:01:56]} Rxd8 {[%emt 0:00:01]} 32. Rxd8 {[%emt 0:02:14]}
Qxd8 {[%emt 0:00:02]} 33. Nxe8 {[%emt 0:00:11]} Kxe8 {[%emt 0:00:19]} 34. bxa6
{[%emt 0:01:54]} bxa6 {[%emt 0:01:21]} 35. Bc6+ {[%emt 0:00:43]} Ncd7 {[%emt 0:
00:49]} 36. a5 {[%emt 0:00:23]} Nd5 {[%emt 0:00:24]} 37. Qb7 {[%emt 0:00:47]}
Qc7 {[%emt 0:00:35]} 38. Qxa6 {[%emt 0:01:59]} Nb4 {[%emt 0:00:31]} 39. Bxd7+ {
[%emt 0:02:35]} Qxd7 {[%emt 0:00:31]} 40. Qb5 {[%emt 0:00:36]} Nc6 {[%emt 0:00:
35]} 41. Nc4 {[%emt 0:00:46]} Qd1+ {[%emt 0:00:33]} 42. Kh2 {[%emt 0:00:19]}
Qd5 {[%emt 0:00:32]} 43. Nd6+ {[%emt 0:00:28]} Kf8 {[%emt 0:00:23]} 44. a6 {
[%emt 0:02:59]} f6 {[%emt 0:00:36]} 45. Qb7 {[%emt 0:00:55]} Kg8 {[%emt 0:00:
34]} 46. Qf7+ {[%emt 0:00:18]} Kh8 {[%emt 0:00:29]} 47. Ne8 {[%emt 0:01:08]}
1-0

[Event "Aberto Brasil - II Niterói Chess Open "]
[Site "Salão de Convenções do Hot"]
[Date "2022.09.01"]
[Round "1.9"]
[White "Nunes, Agatha Hurba"]
[Black "Matsuura, Everaldo"]
[Result "0-1"]
[WhiteElo "1777"]
[BlackElo "2437"]
[PlyCount "40"]
[EventDate "2022.09.01"]
[EventRounds "9"]
[EventCountry "BRA"]

1. d4 Nf6 2. c4 e6 3. Nf3 c5 4. e3 d5 5. dxc5 Bxc5 6. Nbd2 O-O 7. Be2 Nc6 8. a3
a5 9. Nb3 Bb6 10. cxd5 exd5 11. Nbd4 Ne4 12. O-O Bg4 13. Nb5 Re8 14. Nfd4 Bd7
15. Bf3 Qf6 16. Qb3 Ne5 17. Bxe4 dxe4 18. Nc3 Qg6 19. Nde2 Nf3+ 20. Kh1 Qh5 0-1

[Event "Aberto Brasil - II Niterói Chess Open "]
[Site "Salão de Convenções do Hot"]
[Date "2022.09.01"]
[Round "1.10"]
[White "Languidey, Simon Alejandro"]
[Black "De Almeida, Roberto A. Ferreira"]
[Result "1-0"]
[WhiteElo "2415"]
[BlackElo "1776"]
[PlyCount "55"]
[EventDate "2022.09.01"]
[EventRounds "9"]
[EventCountry "BRA"]

1. e4 c5 2. Nc3 Nc6 3. g3 Nf6 4. Bg2 e6 5. Nge2 d6 6. O-O Be7 7. d3 Rb8 8. f4
O-O 9. h3 Nd7 10. Be3 f5 11. exf5 exf5 12. d4 Nf6 13. Qd3 Nb4 14. Qd2 Ne4 15.
Nxe4 fxe4 16. Nc3 cxd4 17. Bxd4 Nc6 18. Be3 Be6 19. Nxe4 Qa5 20. Qxa5 Nxa5 21.
Bxa7 Ra8 22. Bf2 Nc4 23. Rfe1 Bd7 24. Nc5 dxc5 25. Rxe7 Bc6 26. Bxc6 bxc6 27.
Bxc5 Nxb2 28. Bd4 1-0

[Event "Aberto Brasil - II Niterói Chess Open "]
[Site "Salão de Convenções do Hot"]
[Date "2022.09.01"]
[Round "1.11"]
[White "Boabaid, Jorge Alberto Duard"]
[Black "Molina, Roberto Junio Brito"]
[Result "0-1"]
[WhiteElo "1780"]
[BlackElo "2390"]
[PlyCount "56"]
[EventDate "2022.09.01"]
[EventRounds "9"]
[EventCountry "BRA"]

1. e4 e5 2. Nf3 Nc6 3. Bc4 Bc5 4. c3 Nf6 5. d3 O-O 6. O-O d6 7. Bb3 a6 8. Nbd2
h6 9. h3 Ba7 10. Re1 Ne7 11. Nf1 Ng6 12. Ng3 Re8 13. Nf5 Be6 14. Be3 Bxe3 15.
fxe3 d5 16. Qc2 Qd7 17. N3h4 Nxh4 18. Nxh4 dxe4 19. dxe4 Qc6 20. Rad1 Nxe4 21.
Nf3 Bxb3 22. Qxb3 Re6 23. Rd5 Rae8 24. c4 Nd6 25. c5 Ne4 26. Qc4 Nf6 27. Rdd1
Qb5 28. Qc2 Rc6 0-1

[Event "Aberto Brasil - II Niterói Chess Open "]
[Site "Salão de Convenções do Hot"]
[Date "2022.09.01"]
[Round "1.14"]
[White "Filgueiras, Nathan Felipe"]
[Black "Fernandes, Marcio Rosa"]
[Result "1-0"]
[WhiteElo "2358"]
[BlackElo "1763"]
[PlyCount "81"]
[EventDate "2022.09.01"]
[EventRounds "9"]
[EventCountry "BRA"]

1. e4 c5 2. Nf3 Nc6 3. d4 cxd4 4. Nxd4 g6 5. c4 Bg7 6. Be3 Nf6 7. Nc3 a6 8. Be2
O-O 9. O-O e6 10. Nc2 d6 11. Qd2 Qc7 12. Rad1 Rd8 13. h3 b6 14. f4 Bb7 15. Bf3
e5 16. Na4 Nd4 17. Nxd4 exd4 18. Bxd4 Re8 19. Nxb6 Nxe4 20. Bxe4 Bxd4+ 21. Qxd4
Rxe4 22. Nxa8 Bxa8 23. Qxd6 Qa7+ 24. Rf2 Re2 25. Qd8+ Kg7 26. Qd4+ Qxd4 27.
Rxd4 Re1+ 28. Kh2 Rc1 29. b3 h5 30. Rd7 Be4 31. Ra7 h4 32. Rxa6 Kh6 33. a4 Kh5
34. a5 f5 35. Rd6 Rc3 36. Rb6 g5 37. fxg5 Rg3 38. a6 f4 39. a7 Kxg5 40. Rb8 f3
41. gxf3 1-0

[Event "Aberto Brasil - II Niterói Chess Open "]
[Site "Salão de Convenções do Hot"]
[Date "2022.09.01"]
[Round "1.15"]
[White "Da Silva, Diogo Viana"]
[Black "Loureiro, Luiz Vasconcellos"]
[Result "1/2-1/2"]
[WhiteElo "1750"]
[BlackElo "2334"]
[PlyCount "66"]
[EventDate "2022.09.01"]
[EventRounds "9"]
[EventCountry "BRA"]

1. d4 f5 2. g3 Nf6 3. Bg2 d6 4. Nf3 g6 5. O-O Bg7 6. b3 O-O 7. Bb2 c6 8. Nbd2
Nbd7 9. c4 Nh5 10. e4 fxe4 11. Nxe4 Ndf6 12. Nxf6+ Bxf6 13. Qd2 e6 14. Rad1 a5
15. a3 Qb6 16. b4 axb4 17. axb4 Ra2 18. Ra1 Qa6 19. Rxa2 Qxa2 20. Qc2 Qa7 21.
c5 Qb8 22. Re1 Ng7 23. Nd2 Nf5 24. Qc4 dxc5 25. bxc5 Qc7 26. Nf3 b5 27. cxb6
Qxb6 28. Ba3 Rd8 29. Bc5 Qb5 30. Qc2 Nxd4 31. Bxd4 Bxd4 32. Nxd4 Rxd4 33. Qxc6
Qxc6 1/2-1/2

[Event "Aberto Brasil - II Niterói Chess Open "]
[Site "Salão de Convenções do Hot"]
[Date "2022.09.01"]
[Round "1.16"]
[White "Rodi, Luis Ernesto"]
[Black "Lima, Ivan Varga"]
[Result "1-0"]
[WhiteElo "2327"]
[BlackElo "1744"]
[PlyCount "79"]
[EventDate "2022.09.01"]
[EventRounds "9"]
[EventCountry "BRA"]

1. e4 c5 2. Nf3 e6 3. Nc3 a6 4. d4 cxd4 5. Nxd4 Qc7 6. Bd3 Nf6 7. O-O d6 8. f4
Be7 9. a4 Nbd7 10. Qf3 b6 11. Be3 Bb7 12. g4 h5 13. g5 Ng4 14. g6 O-O-O 15.
gxf7 Nc5 16. b4 e5 17. Ndb5 axb5 18. Nxb5 Qd7 19. bxc5 Nxe3 20. Qxe3 dxc5 21.
Kh1 Bf6 22. Rad1 Rhf8 23. Be2 Qe6 24. f5 Qxf7 25. Nd6+ Rxd6 26. Rxd6 Bd8 27.
Bb5 Bc7 28. Bd7+ Kb8 29. Be6 Qf6 30. Rdd1 Bc6 31. Bd5 Bxa4 32. Ra1 Bc6 33. c4
Bxd5 34. cxd5 Kc8 35. Rg1 c4 36. Rg6 Qe7 37. d6 Bxd6 38. Qxb6 Rf6 39. Qc6+ Qc7
40. Ra8# 1-0